Statistics for One Piece Users Blox Fruits Fruits

Click here to take the quiz!

General Stats

  • This quiz has been taken 640 times
  • The average score is 26 of 35

Answer Stats

User FruitAnswer% Correct
SmokerSmoke
92%
Buggy, the ClownChop
91%
Portgas D. AceFlame
89%
Kuzan (Aokiji)Ice
89%
Borsalino (Kizaru)Light
88%
Boa HancockLove
88%
Sakazuki (Akainu)Magma
88%
Mikita (Miss Valentine)Kilo
86%
Marshall D. Teach (Blackbeard)Dark
85%
KaidouDragon
85%
(Mr.0) CrocodileSand
85%
Rob LucciLeopard
83%
Monkey D. LuffyRubber
83%
BellamySpring
82%
Donquixote DoflamingoString
82%
BartolomeoBarrier
79%
Gem (Mister Five)Bomb
79%
BrookRevive
79%
Issho (Fujitora)Gravity
78%
Edward Newgate (Whitebeard)Quake
78%
Bartholomew KumaPaw
77%
Gecko MoriaShadow
77%
Charlotte Linlin (Big Mom)Soul
77%
Donquixote BuffaloSpin
76%
JozuDiamond
73%
Zala (Miss Doublefinger)Spike
73%
God EnelRumble
72%
Charlotte KatakuriDough
68%
MagellanVenom
68%
Trafalgar D. Water LawControl
66%
BluenoPortal
59%
MonetBlizzard
56%
SengokuHuman Buddha
38%
PellBird Falcon
36%
MarcoBird Phoenix
35%

Score Distribution

Percentile by Number Answered

Percent of People with Each Score

Your Score History

You have not taken this quiz